| 000 | 00851nam a2200289Ia 4500 | ||
|---|---|---|---|
| 001 | Para_6526 | ||
| 003 | CHAP | ||
| 008 | 220125s1981 xx 000 0 und d | ||
| 010 | _a205384 | ||
| 040 | _cCHAP | ||
| 090 | _aPA FOLLETO 534 | ||
| 100 |
_aJackson, T.C. _9171411 |
||
| 245 |
_aCombating take-oll root rot of winter wheat in Western Oregon / _c by T.L. Jackson, R.L. Powelson and N.W. Christensen |
||
| 260 |
_aOregon : _b Oregon State University |
||
| 300 | _a1 hoja | ||
| 650 |
_aCereales _x enfermedades _921412 |
||
| 650 |
_aOphiobolus graminis _983366 |
||
| 700 |
_aChristensen, N.W. _9171412 |
||
| 700 |
_aPowelson, R.L. _9171413 |
||
| 901 | _aPA FOLLETO 534 | ||
| 902 | _aA | ||
| 905 | _a0000001981 0000000000 00 | ||
| 910 | _a1981 | ||
| 942 | _cPARA | ||
| 942 |
_cPARA _d1 |
||
| 999 |
_c205384 _d205384 |
||